|
|
|
|
| LEADER |
00000naa2a2200000 4500 |
| 001 |
390805 |
| 005 |
20231101064019.0 |
| 035 |
|
|
|a (RuTPU)RU\TPU\prd\24168
|
| 090 |
|
|
|a 390805
|
| 100 |
|
|
|a 20040322a2004 k y0rusy50 ca
|
| 101 |
0 |
|
|a rus
|
| 102 |
|
|
|a RU
|
| 200 |
1 |
|
|a Прибор дистанционной оценки перепада температур
|f А. Медведев, А. Кисляков
|
| 225 |
1 |
|
|a Промышленная электроника
|
| 320 |
|
|
|a Библиогр.: 1 назв.
|
| 461 |
|
1 |
|0 (RuTPU)RU\TPU\prd\2494
|t Схемотехника
|o научно-технический журнал
|d 2002-2007
|
| 463 |
|
1 |
|0 (RuTPU)RU\TPU\prd\23381
|t № 2
|v С. 27-28
|d 2004
|
| 610 |
1 |
|
|a температура
|
| 610 |
1 |
|
|a оценка температуры
|
| 610 |
1 |
|
|a теплочувствительные приборы
|
| 610 |
1 |
|
|a дистанционная оценка
|
| 610 |
1 |
|
|a аварии
|
| 610 |
1 |
|
|a температурное пеленгование
|
| 610 |
1 |
|
|a инфракрасное излучение
|
| 610 |
1 |
|
|a фотогальванические приёмники
|
| 700 |
|
1 |
|a Медведев
|b А.
|
| 701 |
|
1 |
|a Кисляков
|b А.
|
| 801 |
|
1 |
|a RU
|b 63413507
|c 20040322
|g PSBO
|
| 801 |
|
2 |
|a RU
|b 63413507
|c 20131218
|g RCR
|
| 942 |
|
|
|c BK
|